| 000 | 00461nam a2200157Ia 4500 | ||
|---|---|---|---|
| 008 | 210716s1996 xx 000 0 und d | ||
| 020 | _a0688129692 | ||
| 041 | _aeng | ||
| 082 | _a330.122 THUL | ||
| 100 | _aThurow, Lester C. | ||
| 245 |
_aFuture of capitalism: how todays economic forces shape tomorrows world. _bHow todays economic forces shape tomorrows world. |
||
| 250 | _a1 | ||
| 260 |
_aNew York _c1996 |
||
| 300 | _ax,384 | ||
| 650 | _aEconomics(330) | ||
| 999 |
_c202243 _d202243 |
||